Kaudella 2024-25 NHL:ssä pelanneet suomalaiset - Statistics

Yleistilastot
  • Tätä visaa on pelattu 258 kertaa
  • Keskiarvotulos 41 / 55
Vastaustilastot
Joukkue Pelipaikka Pelaaja % Oikein
Hurricanes Hyökkääjä Sebastian Aho
100%
Avalanche, Hurricanes, Stars Hyökkääjä Mikko Rantanen
99%
Panthers Hyökkääjä Aleksander Barkov
98%
Stars Puolustaja Miro Heiskanen
97%
Stars Puolustaja Esa Lindell
96%
Stars Hyökkääjä Roope Hintz
96%
Predators Maalivahti Juuse Saros
95%
Sharks, Stars Hyökkääjä Mikael Granlund
95%
Canadiens Hyökkääjä Patrik Laine
95%
Avalanche Hyökkääjä Artturi Lehkonen
92%
Rangers, Kraken Hyökkääjä Kaapo Kakko
92%
Panthers Hyökkääjä Anton Lundell
91%
Blackhawks Hyökkääjä Teuvo Teräväinen
91%
Canadiens Hyökkääjä Joel Armia
89%
Blues, Oilers Hyökkääjä Kasperi Kapanen
88%
Avalanche, Nashville Maalivahti Justus Annunen
87%
Canadiens Hyökkääjä Oliver Kapanen
87%
Kraken Hyökkääjä Eeli Tolvanen
86%
Panthers Hyökkääjä Eetu Luostarinen
86%
Devils Hyökkääjä Erik Haula
86%
Panthers Puolustaja Niko Mikkola
85%
Sabres Maalivahti Ukko-Pekka Luukkonen
84%
Flyers Puolustaja Rasmus Ristolainen
82%
Canucks Maalivahti Kevin Lankinen
80%
Maple Leafs Puolustaja Jani Hakanpää
79%
Hurricanes Hyökkääjä Jesperi Kotkaniemi
78%
Avalanche Hyökkääjä Joel Kiviranta
76%
Hockey Club Puolustaja Olli Määttä
76%
Senators Puolustaja Nikolas Matinpalo
74%
Hockey Club Hyökkääjä Matias Maccelli
73%
Penguins, Panthers Hyökkääjä Jesse Puljujärvi
72%
Ducks, Rangers Puolustaja Urho Vaakanainen
71%
Bruins Maalivahti Joonas Korpisalo
70%
Predators, Avalanche, Rangers Hyökkääjä Juuso Pärssinen
70%
Kings Hyökkääjä Samuel Helenius
70%
Sabres, Bruins Puolustaja Henri Jokiharju
69%
Red Wings, Ducks Maalivahti Ville Husso
67%
Jets Puolustaja Ville Heinola
66%
Hockey Club Puolustaja Juuso Välimäki
62%
Penguins Hyökkääjä Ville Koivunen
62%
Kraken Hyökkääjä Jani Nyman
61%
Jets Hyökkääjä Rasmus Kupari
60%
Canucks Hyökkääjä Aatu Räty
55%
Senators Maalivahti Leevi Meriläinen
54%
Penguins Hyökkääjä Valtteri Puustinen
53%
Penguins Maalivahti Joel Blomqvist
52%
Predators Hyökkääjä Joakim Kemell
49%
Jets Hyökkääjä Brad Lambert
48%
Hurricanes Hyökkääjä Juha Jääskä
48%
Avalanche, (Panthers) Maalivahti Kaapo Kähkönen
47%
Penguins Hyökkääjä Joona Koppanen
46%
Blue Jackets Hyökkääjä Mikael Pyyhtiä
45%
Kraken Maalivahti Niklas Kokko
44%
Stars Hyökkääjä Arttu Hyry
42%
Avalanche Hyökkääjä Jere Innala
41%
Ehtoja vastaavia visoja ei löytynyt
Tulosjakauma
Jokaisen tuloksen saaneiden osuus
Persentiili vastausten määrän mukaan
Tuloshistoriasi
Et ole pelannut tätä visaa